000 00466nam a2200157 i 4500
001 49584
003 ES-MaACL
005 20230906162022.0
007 t|
008 030718s1864 sp ||||1| spa d
100 1 _aCostanzo, Salvador.
_941130
245 1 0 _aEstudios sobre la vida de Alberto el Grande y su siglo /
_cpor Salvador Costanzo.
260 _aMadrid :
_b[s.n.],
_c1864 (
_fImprenta de mellado)
300 _a307 p. ;
_c18 cm.
852 _aES-MaACL
_jG-10515
999 _c49584
_d49584